000 00487nam a2200181Ia 4500
005 20250326125200.0
008 250326s9999 xx 000 0 und d
037 _aTextbook
040 _aFMSL
_beng
_cFMSL
041 _aeng
_2eng
084 _aX(Y) L4
_qFMSL
100 _aKempner T
_9737420
245 0 _aBusiness and society
_cKempner T; Hawkins K
260 _aLondon
_bLondon, Allen Lane
_c1974
300 _a288p
942 _cTB
_hX(Y) L4
999 _c1276900
_d1276900